Physical and Chemical Processes in Gas Dynamics: Physical and chemical kinetics and thermodynamics of Gases and plasmas / (Record no. 559930)
[ view plain ]
| 000 -LEADER | |
|---|---|
| fixed length control field | 00676nam a2200181Ia 4500 |
| 008 - FIXED-LENGTH DATA ELEMENTS--GENERAL INFORMATION | |
| fixed length control field | 210428s9999 xx 000 0 und d |
| 020 ## - INTERNATIONAL STANDARD BOOK NUMBER | |
| International Standard Book Number | 1-56347-519-7 |
| 082 ## - DEWEY DECIMAL CLASSIFICATION NUMBER | |
| Classification number | 660.04 A498 P |
| 100 ## - MAIN ENTRY--PERSONAL NAME | |
| Personal name | G.G.Chernyi |
| 9 (RLIN) | 52164 |
| 245 #0 - TITLE STATEMENT | |
| Title | Physical and Chemical Processes in Gas Dynamics: Physical and chemical kinetics and thermodynamics of Gases and plasmas / |
| Statement of responsibility, etc. | G.G.Chernyi |
| 260 ## - PUBLICATION, DISTRIBUTION, ETC. | |
| Name of publisher, distributor, etc. | American Institute of Aeronautics and Astronautics |
| Place of publication, distribution, etc. | Washington, DC |
| Date of publication, distribution, etc. | 2004 |
| 300 ## - PHYSICAL DESCRIPTION | |
| Extent | 328p |
| 440 ## - SERIES STATEMENT/ADDED ENTRY--TITLE | |
| Title | Progress in astronautics and aeronautics V-197 |
| 9 (RLIN) | 127162 |
| 700 ## - ADDED ENTRY--PERSONAL NAME | |
| Personal name | S. A. Losev |
| 9 (RLIN) | 127163 |
| 700 ## - ADDED ENTRY--PERSONAL NAME | |
| Personal name | S. O. Macheret |
| 9 (RLIN) | 127164 |
| 700 ## - ADDED ENTRY--PERSONAL NAME | |
| Personal name | B. V. Potapkin |
| 9 (RLIN) | 127165 |
| 942 ## - ADDED ENTRY ELEMENTS (KOHA) | |
| Koha item type | Book |
| Source of classification or shelving scheme | |
| Withdrawn status | Lost status | Damaged status | Not for loan | Permanent Location | Current Location | Date acquired | Total Checkouts | Full call number | Barcode | Date last seen | Price effective from | Koha item type |
|---|---|---|---|---|---|---|---|---|---|---|---|---|
| School of Chemical & Materials Engineering (SCME) | School of Chemical & Materials Engineering (SCME) | 04/11/7 | 660.04 A498 P | SCME-78 | 04/28/2021 | 04/28/2021 | Book |
